000 00438nam a2200169Ia 4500
005 20250704015525.0
008 240331s9999 xx 000 0 und d
020 _a9559348639
082 _bBRO
_a954
100 _aBrohier, R.L
245 0 _aSeeing Ceylon :
_b Brohiar dutu lankawa
260 _aColombo
_bSuriya publishers
_c2001
300 _a351 p .,
650 _aSri Lanka - History
650 _aIrrigation - Sri Lanka
942 _cL
999 _c3394
_d3394